000 002500000a22000970004500
100 1 _aBonilla A., Plutarco
245 1 0 _aNaturaleza misionera del culto cristiano
300 _aVol. 4, Núm 8 (1982), Páginas 56-59
773 0 _tPastoralia
942 _cANA
999 _c53292
_d53292